Outlines of Indian legal and constitutional history : (Record no. 67083)

MARC details
000 -LEADER
fixed length control field 00659nam a22001697a 4500
005 - DATE AND TIME OF LATEST TRANSACTION
control field 20120523120727.0
020 ## - INTERNATIONAL STANDARD BOOK NUMBER
International Standard Book Number 8175345586
Terms of availability 125.00
035 ## - SYSTEM CONTROL NUMBER
System control number B-194407
037 ## - SOURCE OF ACQUISITION
Stock number DPL
Source of stock number/acquisition ENG
100 ## - MAIN ENTRY--PERSONAL NAME
Personal name Singh, Mahendra P.
245 ## - TITLE STATEMENT
Title Outlines of Indian legal and constitutional history :
Remainder of title Including elements of Indian legal system /
Statement of responsibility, etc by Mahendra P. Singh
250 ## - EDITION STATEMENT
Edition statement 8th ed.
260 ## - PUBLICATION, DISTRIBUTION, ETC. (IMPRINT)
Place of publication, distribution, etc New Delhi
Name of publisher, distributor, etc Universal Law Publishing Co.
Date of publication, distribution, etc 2006
300 ## - PHYSICAL DESCRIPTION
Extent xvii, 220p.
Dimensions 20 cms.
942 ## - ADDED ENTRY ELEMENTS (KOHA)
Source of classification or shelving scheme Dewey Decimal Classification
Item type English Books
Classification part 342.54
Call number suffix MAH
Holdings
Withdrawn status Lost status Not for loan Collection code Home library Current library Date acquired Cost, normal purchase price Full call number Barcode Cost, replacement price Koha item type
      Non-fiction Sarojini Nagar Sarojini Nagar 23/05/2012 125.00 342.54 MAH B-194407 125.00 English Books

© Delhi Public Library
Hit Counter
free hit counter